000 00748nam a22001937a 4500
005 20140708124159.0
010 _aENG-109711
020 _a9788173816765
_c215..00
035 _aEN-93244
037 _bDBAD/PUB
082 _a174.962
100 _aGhosh, Biswanath
245 0 0 _aEngineering ethics /
_cby Biswanath Ghosh
260 _aKolkata
_bNew Central Book Agency
_c2013(repr.)
270 _a8/1 Chintamoni Das Lane
_bKolkata
_e700009
300 _axi,158p.
_c24cm(pbk)
500 _a
942 _2ddc
_cEN
_mGHO
_h174.962
999 _c83511
_d83511